Ценообразование: учебно-практическое пособие

Մատենագիտական մանրամասներ
Հիմնական հեղինակ: Шуляк П. Н. Павел Николаевич
Ամփոփում:В учебно-практическом пособии раскрывается механизм формирования цен на товары отечественного производства и импортные товары, показывается влияние различных факторов на процесс формирования цен, приводятся критерии выбора методов ценообразования и установления окончательной цены, рассматриваются системы таможенно-тарифного регулирования в зарубежных странах и в России. Особое внимание уделено вопросам разработки ценовой политики и ценовой стратегии предприятия, а также методам оценки риска в расчетах цен. В заключительной части приведены материалы для практических занятий, а также структурно-логические схемы по основным проблемам ценообразования. Для студентов высших и средних специальных экономических учебных заведений, руководителей предприятий, специалистов по ценообразованию и бизнесменов.
Լեզու:ռուսերեն
Հրապարակվել է: Москва, Дашков и К, 2011
Հրատարակություն:13-е изд., перераб. и доп.
Խորագրեր:
Ձևաչափ: MixedMaterials Գիրք
KOHA link:https://koha.lib.tpu.ru/cgi-bin/koha/opac-detail.pl?biblionumber=196719

MARC

LEADER 00000nam0a2200000 4500
001 196719
005 20231101224718.0
010 |a 9785394013874 
035 |a (RuTPU)RU\TPU\book\214598 
035 |a BOOK00028027 
035 |a RU\TPU\book\27952 
035 |a RU\TPU\book\113202 
035 |a RU\TPU\book\171904 
090 |a 196719 
100 |a 20011209d2011 m y0rusy50 ca 
101 0 |a rus 
102 |a RU 
105 |a y j 000zy 
200 1 |a Ценообразование  |e учебно-практическое пособие  |f П. Н. Шуляк 
205 |a 13-е изд., перераб. и доп. 
210 |a Москва  |c Дашков и К  |d 2011 
215 |a 196 с. 
330 |a В учебно-практическом пособии раскрывается механизм формирования цен на товары отечественного производства и импортные товары, показывается влияние различных факторов на процесс формирования цен, приводятся критерии выбора методов ценообразования и установления окончательной цены, рассматриваются системы таможенно-тарифного регулирования в зарубежных странах и в России. Особое внимание уделено вопросам разработки ценовой политики и ценовой стратегии предприятия, а также методам оценки риска в расчетах цен. В заключительной части приведены материалы для практических занятий, а также структурно-логические схемы по основным проблемам ценообразования. Для студентов высших и средних специальных экономических учебных заведений, руководителей предприятий, специалистов по ценообразованию и бизнесменов. 
451 1 |0 (RuTPU)RU\TPU\book\171904  |y 978-5-394-00175-8  |t Ценообразование  |o учебно-практическое пособие  |f П. Н. Шуляк  |e 12-е изд., перераб. и доп.  |c М.  |n Дашков и К  |d 2009  |p 196 с.  |a Шуляк, Павел Николаевич 
606 1 |a Цена и ценообразование  |2 stltpush  |3 (RuTPU)RU\TPU\subj\18111  |9 43632 
610 1 |a экономика 
610 1 |a таможенная политика 
610 1 |a учебные пособия 
610 1 |a тарифы 
610 1 |a экономические риски 
610 1 |a регулирование 
610 1 |a бизнес 
610 1 |a товары 
610 1 |a ценовая политика 
686 |a У9(2)0-861я73  |v LBC/SL-A  |2 rubbk 
700 1 |a Шуляк  |b П. Н.  |g Павел Николаевич 
801 1 |a RU  |b 63413507  |c 20110527 
801 2 |a RU  |b 63413507  |c 20150514  |g RCR 
900 |a Ценообразование 
942 |c BK 
959 |a 55/20110527  |d 2  |e 121,00  |f ЧЗГЛ:1  |f АНЛ:1